Zur Ätiologie und Prävention der Drogenabhängigkeit

Saved in:  
Bibliographic Details
Authors: Dittmar, W. (Author) ; Kury, Helmut 1941- (Author)
Format: Print Article
Language:German
Published: 1981
In: Therapie der Gegenwart / Supplement
Year: 1981, Volume: 120, Issue: 5, Pages: 458-469
Availability in Tübingen:Present in Tübingen.
IFK: 3001
Check availability: HBZ Gateway
Keywords:

MARC

LEADER 00000caa a22000002c 4500
001 1632159732
003 DE-627
005 20230428171826.0
007 tu
008 130612s1981 xx ||||| 00| ||ger c
035 |a (DE-627)1632159732 
035 |a (DE-576)38350144X 
035 |a (DE-599)BSZ38350144X 
040 |a DE-627  |b ger  |c DE-627  |e rakwb 
041 |a ger 
100 1 |a Dittmar, W.  |4 aut 
245 1 0 |a Zur Ätiologie und Prävention der Drogenabhängigkeit  |c W. Dittmar; H. Kury 
264 1 |c 1981 
336 |a Text  |b txt  |2 rdacontent 
337 |a ohne Hilfsmittel zu benutzen  |b n  |2 rdamedia 
338 |a Band  |b nc  |2 rdacarrier 
700 1 |a Kury, Helmut  |d 1941-  |0 (DE-588)106326635  |0 (DE-627)490855741  |0 (DE-576)261566105  |4 aut 
773 0 8 |i In  |t Therapie der Gegenwart / Supplement  |d München : Urban & Vogel, 1986  |g 120(1981), 5, Seite 458-469  |w (DE-627)168701626  |w (DE-600)807071-4  |w (DE-576)016193687  |x 0931-2609  |7 nnas 
773 1 8 |g volume:120  |g year:1981  |g number:5  |g pages:458-469 
951 |a AR 
ELC |b 1 
LOK |0 000 xxxxxcx a22 zn 4500 
LOK |0 001 3283896607 
LOK |0 003 DE-627 
LOK |0 004 1632159732 
LOK |0 005 20160804103451 
LOK |0 008 130612||||||||||||||||ger||||||| 
LOK |0 040   |a DE-21-110  |c DE-627  |d DE-21-110 
LOK |0 689   |a s  |a Prävention 
LOK |0 689   |a s  |a Drogenabhängigkeit 
LOK |0 689   |a s  |a Ätiologie 
LOK |0 852   |a DE-21-110 
LOK |0 852 1  |c 3001  |m p  |9 00 
LOK |0 935   |a k110 
LOK |0 938   |k p 
LOK |0 939   |a 12-06-13  |b l01 
ORI |a SA-MARC-krimdoka001.raw 
SIG |a IFK: 3001